[Event "El Prat de Llobregat op 4th"]
[Site "El Prat de Llobregat"]
[Date "2023.02.10"]
[Round "2"]
[White "Marin Palos, Alex"]
[Black "Costa Trave, Jaume"]
[Result "0-1"]
[WhiteElo "1150"]
[BlackElo "1645"]
[PlyCount "30"]
[EventDate "2023.02.03"]
[EventType "swiss"]
[EventRounds "9"]
[EventCountry "ESP"]
[SourceTitle "EXT 2024"]
[Source "ChessBase"]
[SourceDate "2023.10.10"]
[SourceVersion "1"]
[SourceVersionDate "2023.10.10"]
[SourceQuality "1"]

1. d4 e6 2. Bf4 f5 3. Nf3 Nf6 4. e3 d5 5. Nbd2 Bd6 6. Bg3 Nbd7 7. Ne5 Bxe5 8. dxe5 Ng4 9. Nf3 c5 10. h3 Nh6 11. c3 0-0 12. Be2 a6 13. 0-0 b5 14. b4 c4 15. Bf4 Nf7 0-1